Statistiques concernant Les Bladers légendaires et leurs toupies

Cliquez ici pour prendre le quiz!

Statistiques générales

  • Ce quiz a été pris 8 fois
  • Le résultat moyen est 13 sur 20

Statistiques - réponses

Réponse% Correct
Kyoya
100%
Ryuga
100%
Cosmic Pegasus
88%
Gingka
88%
Chris
75%
Dynamis
75%
Fang Leone
75%
King
75%
Vari Ares
75%
Yuki
75%
Aguma
63%
Tithi
63%
Death Quetzalcoatl
50%
Jade Jupiter
50%
L-Drago Destructor
50%
Mercury Anubius
50%
Phantom Orion
50%
Rago
50%
Diablo Nemesis
38%
Scythe Kronos
38%

Distribution des résultats

Percentile par nombre de réponses

% des personnes avec chaque résultat

Votre développement - résultats

Vous n’avez pas pris ce quiz